000 01500nam a2200301 a 4500
003 OSt
005 20241022121702.0
007 cr ||||||a|c|a
008 240422s2023 mx a|||fom||| 001 0 spa d
040 _erda
100 1 _9188983
_aHernández Cabrera, Rogaciano
245 1 0 _aEfectividad biológica del aceite de linaza (Linus usitatissimun L.) para el combate de palomilla dorso de diamante (Plutella xylostella L.) en el cultivo de brócoli (Brassica oleracea var. italica) /
_cpor Rogaciano Hernández Cabrera y Osiel Valverde Lucas ; director de tesis Manuel Alejandro Tejeda Reyes.
264 1 _aChapingo, México :
_bEl autor,
_c2023.
300 _a1 recurso en línea (94 páginas):
_bcuadros, figuras.
336 _2rdacontent
_atexto
_btxt
337 _2rdamedia
_acomputadora
_bc
338 _2rdacarrier
_arecurso en línea
_bcr
502 _bIAEPA
_cParasitología
_d2023.
_gLIC
504 _aIncluye referencias bibliográficas: páginas 53-63.
650 7 _aPlutella xylostella
_xControl
_9188485
650 4 _915547
_aBrócoli
_xPlagas
_xControl
650 4 _9132845
_aAceites esenciales como control de plagas
650 4 _9188985
_aAceite de linaza
_xFitotoxicidad
700 1 _9188984
_aValverde Lucas, Osiel
700 1 _9112025
_aTejeda Reyes, Manuel Alejandro
_eDirector de tesis.
856 _uhttp://10.13.5.2/tesis/tl/1211024-7_Y_1212541-9_HERNANDEZ_CABRERA_ROGACIANO_Y_VALVERDE_LUCAS_OSIEL.pdf
_zDESCARGAR PDF
942 _2Clasificación Universidad Autónoma Chapingo
_cTD
999 _c219871
_d219871